The "Allied Dunbar v Homebase"case and its impact on flexible leases (Record no. 73090)
[ view plain ]
| 000 -LEADER | |
|---|---|
| fixed length control field | 01920cam a2200301 4500 |
| 001 - CONTROL NUMBER | |
| control field | ABS66910 |
| 008 - FIXED-LENGTH DATA ELEMENTS--GENERAL INFORMATION | |
| fixed length control field | 030722n2003 000 0 eng u |
| 035 ## - SYSTEM CONTROL NUMBER | |
| System control number | (Sirsi) u123086 |
| 100 ## - MAIN ENTRY--PERSONAL NAME | |
| Personal name | Silman, G. |
| 245 #4 - TITLE STATEMENT | |
| Title | The "Allied Dunbar v Homebase"case and its impact on flexible leases |
| 260 ## - PUBLICATION, DISTRIBUTION, ETC. | |
| Date of publication, distribution, etc. | 2003 |
| 490 ## - SERIES STATEMENT | |
| Series statement | Journal of Retail and Leisure Property |
| Volume/sequential designation | 3(1) 2003, 9-20(12) |
| 520 ## - SUMMARY, ETC. | |
| Summary, etc. | One of the most contentious clauses in commercial leases has long been that relating to sublettings. Landlords in their negotiations could end up in a direct relationship with their subtenants, with a lease less favourable than the headlease that could be perpetuated on a renewal, and a lower rent which could also be used as a comparable on review under the headlease. Tenants could in a depressed market be unable to sublet at all. Tenants giving in to landlords' demands at times when rents were thought never to go down, dealt with the adverse situation by side deeds with the subtenant to reflect the true terms of the deal, whereas the underlease followed the specific requirements of the headlease. Following the decision in "Homebase Ltd and another v Allied Dunbar Assurance plc" ([2002] EWCA Civil 666, Abs65740), landlords will be alert to asking specifically whether there will be a side arrangement but all parties will be aware that this will not get round the terms of the headlease. References. [Taken from journal abstract]. |
| 590 ## - LOCAL NOTE (RLIN) | |
| Local note | ABS |
| 650 ## - SUBJECT ADDED ENTRY--TOPICAL TERM | |
| Topical term or geographic name entry element | FLEXIBLE LEASES |
| 650 ## - SUBJECT ADDED ENTRY--TOPICAL TERM | |
| Topical term or geographic name entry element | HEADLEASES |
| 650 ## - SUBJECT ADDED ENTRY--TOPICAL TERM | |
| Topical term or geographic name entry element | LANDLORD AND TENANT (COVENANTS) ACT 1995 |
| 650 ## - SUBJECT ADDED ENTRY--TOPICAL TERM | |
| Topical term or geographic name entry element | SIDE DEEDS |
| 650 ## - SUBJECT ADDED ENTRY--TOPICAL TERM | |
| Topical term or geographic name entry element | UNDERLEASES |
| 650 ## - SUBJECT ADDED ENTRY--TOPICAL TERM | |
| Topical term or geographic name entry element | LANDLORDS |
| 650 ## - SUBJECT ADDED ENTRY--TOPICAL TERM | |
| Topical term or geographic name entry element | SUBTENANTS |
| 650 ## - SUBJECT ADDED ENTRY--TOPICAL TERM | |
| Topical term or geographic name entry element | HOMEBASE LTD AND ANOTHER V ALLIED DUNBAR ASSURANCE PLC |
| 650 ## - SUBJECT ADDED ENTRY--TOPICAL TERM | |
| Topical term or geographic name entry element | COLLATERAL DEEDS |
| 650 ## - SUBJECT ADDED ENTRY--TOPICAL TERM | |
| Topical term or geographic name entry element | COMMERCIAL LEASES |
| 650 ## - SUBJECT ADDED ENTRY--TOPICAL TERM | |
| Topical term or geographic name entry element | SUBLETTING |
| 690 ## - LOCAL SUBJECT ADDED ENTRY--TOPICAL TERM (OCLC, RLIN) | |
| Topical term or geographic name as entry element | LANDLORD AND TENANT-BUSINESS TENANCIES-CASE LAW |
| 942 ## - ADDED ENTRY ELEMENTS (KOHA) | |
| Suppress in OPAC | 0 |
| Withdrawn status | Lost status | Source of classification or shelving scheme | Damaged status | Not for loan | Home library | Current library | Shelving location | Date acquired | Total Checkouts | Full call number | Barcode | Date last seen | Copy number | Price effective from | Koha item type |
|---|---|---|---|---|---|---|---|---|---|---|---|---|---|---|---|
| Dewey Decimal Classification | London | London | Journal article | 22/07/2003 | ABS66910 | 123086-1001 | 06/08/2019 | 1 | 06/08/2019 | Journal article |